000 00547nam a2200193Ia 4500
005 20260120124608.0
008 008 260114s9999 xx 000 0 eng d
020 _a9781848552562
037 _aEBOOK
040 _aCRL
_beng
_cCRL
041 _aeng
_2eng
084 _qCRL
245 0 _aAdvances in Global Leadership
260 _bEmerald Publishing
_c2009
700 _aWilliam H. Mobley
_9908186
856 _uhttps://www.emerald.com/insight/publication/doi/10.1108/S1535-1203(2009)5
942 _cEBOOK
999 _c1500075
_d1500075